[Event "Rheinland Pfalz Seniors op 21st"]
[Site "Altenkirchen"]
[Date "2024.09.08"]
[Round "6"]
[White "Geyer, Bernhard"]
[Black "Bohnstorff, Michael"]
[Result "1-0"]
[WhiteElo "2096"]
[BlackElo "1998"]
[PlyCount "75"]
[EventDate "2024.09.03"]
[EventType "swiss"]
[EventRounds "9"]
[EventCountry "GER"]
[SourceTitle "EXT 2025"]
[Source "ChessBase"]
[SourceDate "2024.10.14"]
[SourceVersion "1"]
[SourceVersionDate "2024.10.14"]
[SourceQuality "1"]

1. e4 g6 2. d4 Bg7 3. c4 d6 4. Nc3 c6 5. Be3 Nf6 6. h3 Qa5 7. Qd2 a6 8. a3 b5 9. b4 Qd8 10. f4 Nh5 11. Bf2 Bh6 12. g3 Bb7 13. Be2 bxc4 14. Bxh5 gxh5 15. Qe2 h4 16. Qxc4 hxg3 17. Bxg3 Rg8 18. Nge2 Nd7 19. Rf1 a5 20. b5 cxb5 21. Qxb5 Ba6 22. Qh5 Bg7 23. Qxh7 Nf6 24. Qf5 e6 25. Qg5 Bf8 26. Qh4 Be7 27. e5 Nd5 28. Qh7 Rxg3 29. Nxg3 Nxc3 30. Rf3 Nb5 31. Rd1 Bb7 32. Rb3 Bc6 33. Qg8+ Bf8 34. f5 exf5 35. d5 Bd7 36. e6 fxe6 37. Qg6+ Ke7 38. Nxf5+ 1-0

[Event "Rheinland Pfalz Seniors op 21st"]
[Site "Altenkirchen"]
[Date "2024.09.07"]
[Round "5"]
[White "Bohnstorff, Michael"]
[Black "Schwarz, Jochen"]
[Result "1-0"]
[WhiteElo "1998"]
[BlackElo "1921"]
[PlyCount "77"]
[EventDate "2024.09.03"]
[EventType "swiss"]
[EventRounds "9"]
[EventCountry "GER"]
[SourceTitle "EXT 2025"]
[Source "ChessBase"]
[SourceDate "2024.10.14"]
[SourceVersion "1"]
[SourceVersionDate "2024.10.14"]
[SourceQuality "1"]

1. d4 Nf6 2. Nf3 g6 3. c3 Bg7 4. Bf4 0-0 5. Nbd2 d6 6. e4 Bg4 7. Be2 c5 8. dxc5 dxc5 9. 0-0 Nc6 10. Qc2 Qc8 11. h3 Be6 12. Rad1 h6 13. Rfe1 g5 14. Be3 b6 15. Bf1 Qc7 16. Bc4 Bxc4 17. Nxc4 Nh5 18. e5 f5 19. exf6 Rxf6 20. Qe4 Nf4 21. Bxf4 Qxf4 22. Qxf4 Rxf4 23. Nce5 Nxe5 24. Nxe5 Rf5 25. Ng6 Bf6 26. g4 Rf4 27. Nxf4 gxf4 28. Kg2 Kf7 29. Kf3 e5 30. Rd7+ Kg6 31. Ke4 Kg5 32. Red1 Kh4 33. R1d3 c4 34. R3d6 Bg5 35. Re6 Kxh3 36. f3 Kg3 37. Rxe5 a5 38. a4 Rc8 39. Rd6 1-0

[Event "Rottach Egern Seniors Cup 12th"]
[Site "Rottach Egern"]
[Date "2024.04.08"]
[Round "3"]
[White "Bohnstorff, Michael"]
[Black "Bodemer, Wolfgang"]
[Result "1-0"]
[WhiteElo "2030"]
[BlackElo "1867"]
[PlyCount "74"]
[EventDate "2024.04.06"]
[EventType "swiss"]
[EventRounds "9"]
[EventCountry "GER"]
[SourceTitle "CBM 219 Extra"]
[Source "ChessBase"]
[SourceDate "2024.05.31"]
[SourceVersion "1"]
[SourceVersionDate "2024.05.31"]
[SourceQuality "1"]

1. d4 Nf6 2. Nf3 d5 3. c3 Bf5 4. Bf4 e6 5. Qb3 Qc8 6. e3 Be7 7. c4 0-0 8. Nc3 c6 9. Rc1 Nbd7 10. h3 Bd8 11. Be2 Bc7 12. Bxc7 Qxc7 13. cxd5 cxd5 14. 0-0 Qb6 15. Qxb6 Nxb6 16. Nb5 Ne8 17. g4 Bg6 18. Ne5 a6 19. Nc7 Rc8 20. Nxe8 Rfxe8 21. b3 f6 22. Nd3 Bxd3 23. Bxd3 Nd7 24. f3 g6 25. e4 Kf7 26. Rfe1 Nb6 27. Kf2 Ke7 28. h4 Kd6 29. g5 f5 30. e5+ Kd7 31. Ke3 Rxc1 32. Rxc1 Rc8 33. Rh1 Ke7 34. h5 Kf7 35. hxg6+ Kxg6 36. Rh6+ Kxg5 37. Rxh7 f4+ 1-0

[Event "Bad Woerishofen Seniors op 39th"]
[Site "Bad Woerishofen"]
[Date "2024.03.12"]
[Round "5"]
[White "Bohnstorff, Michael"]
[Black "Scharrer, Udo"]
[Result "0-1"]
[WhiteElo "2043"]
[BlackElo "1986"]
[PlyCount "42"]
[EventDate "2024.03.08"]
[EventType "swiss"]
[EventRounds "9"]
[EventCountry "GER"]
[SourceTitle "CBM 219 Extra"]
[Source "ChessBase"]
[SourceDate "2024.05.31"]
[SourceVersion "1"]
[SourceVersionDate "2024.05.31"]
[SourceQuality "1"]

1. d4 Nf6 2. Nf3 g6 3. c3 Bg7 4. Bf4 d6 5. e3 0-0 6. Be2 c5 7. 0-0 Qb6 8. Qb3 Be6 9. Qxb6 axb6 10. Na3 Nc6 11. Ng5 Bf5 12. h3 Nd5 13. g4 Nxf4 14. exf4 Be6 15. Nc4 Bxc4 16. Bxc4 cxd4 17. cxd4 Bxd4 18. Rab1 e6 19. Rfd1 d5 20. Bb5 Bg7 21. a3 Nd4 0-1

[Event "Rheinland Pfalz Seniors op 20th"]
[Site "Altenkirchen"]
[Date "2023.09.13"]
[Round "9"]
[White "Bohnstorff, Michael"]
[Black "Ripoll, Luis"]
[Result "1/2-1/2"]
[WhiteElo "2000"]
[BlackElo "1852"]
[PlyCount "48"]
[EventDate "2023.09.05"]
[EventType "swiss"]
[EventRounds "9"]
[EventCountry "GER"]
[SourceTitle "CBM 216 Extra"]
[Source "ChessBase"]
[SourceDate "2023.11.30"]
[SourceVersion "1"]
[SourceVersionDate "2023.11.30"]
[SourceQuality "1"]

1. d4 d5 2. Nf3 Nf6 3. c3 e6 4. Bf4 Nbd7 5. e3 Bd6 6. Bg3 Ne4 7. Bh4 Be7 8. Bxe7 Qxe7 9. Nbd2 Nxd2 10. Qxd2 c6 11. Be2 0-0 12. 0-0 e5 13. dxe5 Nxe5 14. Rfd1 Nxf3+ 15. Bxf3 Bf5 16. Qd4 Rfe8 17. Rac1 Be4 18. Bxe4 Qxe4 19. c4 Qxd4 20. Rxd4 dxc4 21. Rcxc4 Red8 22. Kf1 Kf8 23. Ke2 Rxd4 24. Rxd4 Ke7 1/2-1/2

[Event "Rheinland Pfalz Seniors op 20th"]
[Site "Altenkirchen"]
[Date "2023.09.09"]
[Round "5"]
[White "Bohnstorff, Michael"]
[Black "Heck, Norbert"]
[Result "1/2-1/2"]
[WhiteElo "2000"]
[BlackElo "2174"]
[PlyCount "35"]
[EventDate "2023.09.05"]
[EventType "swiss"]
[EventRounds "9"]
[EventCountry "GER"]
[SourceTitle "CBM 216 Extra"]
[Source "ChessBase"]
[SourceDate "2023.11.30"]
[SourceVersion "1"]
[SourceVersionDate "2023.11.30"]
[SourceQuality "1"]

1. d4 Nf6 2. Nf3 g6 3. c3 Bg7 4. Bf4 0-0 5. e3 d6 6. Be2 Nbd7 7. 0-0 Qe8 8. Na3 a6 9. Nc4 b5 10. Na5 e5 11. Bg3 Ne4 12. Nd2 Nxd2 13. Qxd2 Kh8 14. dxe5 Nxe5 15. Rfd1 Bd7 16. Bxe5 Qxe5 17. Bf3 Rae8 18. a3 1/2-1/2

[Event "Rheinland Pfalz Seniors op 20th"]
[Site "Altenkirchen"]
[Date "2023.09.08"]
[Round "4"]
[White "Hassenrueck, Helmut"]
[Black "Bohnstorff, Michael"]
[Result "1/2-1/2"]
[WhiteElo "2152"]
[BlackElo "2000"]
[PlyCount "80"]
[EventDate "2023.09.05"]
[EventType "swiss"]
[EventRounds "9"]
[EventCountry "GER"]
[SourceTitle "CBM 216 Extra"]
[Source "ChessBase"]
[SourceDate "2023.11.30"]
[SourceVersion "1"]
[SourceVersionDate "2023.11.30"]
[SourceQuality "1"]

1. d4 d5 2. Nf3 Nf6 3. c4 e6 4. Nc3 Be7 5. Bf4 0-0 6. e3 a6 7. Rc1 dxc4 8. Bxc4 b5 9. Bb3 Bd6 10. Bg5 h6 11. Bh4 Bb7 12. 0-0 Be7 13. Qe2 Nbd7 14. Rfd1 Rc8 15. a3 Ne4 16. Bxe7 Qxe7 17. Nxe4 Bxe4 18. d5 exd5 19. Bxd5 Bxd5 20. Rxd5 c6 21. Rd3 c5 22. Rcd1 Nb6 23. Rd6 Qc7 24. Ne5 Rcd8 25. Qd3 Rxd6 26. Qxd6 Qxd6 27. Rxd6 Rb8 28. Kf1 c4 29. Ke2 Na4 30. Rxa6 Nxb2 31. Nc6 Rb7 32. Ra8+ Kh7 33. Ra7 Rb6 34. Nb4 Kg6 35. Ra6 Rxa6 36. Nxa6 Nd3 37. f3 Kf5 38. Kd2 Ke5 39. Nc7 b4 40. axb4 Nxb4 1/2-1/2

[Event "MVP-ch Seniors op 19th"]
[Site "Ostseebad Binz"]
[Date "2019.12.04"]
[Round "8"]
[White "Schubert, Joachim"]
[Black "Bohnstorff, Michael"]
[Result "0-1"]
[WhiteElo "1863"]
[BlackElo "2026"]
[PlyCount "114"]
[EventDate "2019.11.27"]
[EventType "swiss"]
[EventRounds "9"]
[EventCountry "GER"]
[SourceTitle "EXT 2021"]
[Source "ChessBase"]
[SourceDate "2020.10.23"]
[SourceVersion "1"]
[SourceVersionDate "2020.10.23"]
[SourceQuality "1"]

1. e4 d6 2. d4 g6 3. Be2 Bg7 4. Be3 c5 5. c3 Nf6 6. Nd2 cxd4 7. cxd4 Qa5 8. Kf1 0-0 9. h4 h5 10. Nh3 Ng4 11. Bxg4 Bxg4 12. Qb3 Qa6+ 13. Kg1 Nc6 14. Nf4 Bxd4 15. Re1 Kh7 16. f3 Bd7 17. g4 hxg4 18. h5 g5 19. Nd5 Qa5 20. Qd3 Bxe3+ 21. Rxe3 Ne5 22. Qd4 Qc5 23. Qxc5 dxc5 24. Nxe7 Be6 25. fxg4 Bxg4 26. Nd5 f6 27. h6 Rad8 28. Rh2 Be6 29. Nc7 Bc8 30. Rc3 b6 31. b3 Rd7 32. Nb5 Rfd8 33. Nf1 a6 34. Na3 Rd3 35. Rxd3 Rxd3 36. Re2 Kxh6 37. Nc2 Be6 38. Nce3 Kg6 39. Rg2 Nf3+ 40. Kf2 Ne5 41. Ke2 Rd4 42. Nd2 b5 43. Nc2 Rd8 44. Ne3 c4 45. bxc4 bxc4 46. Rg3 Rb8 47. Nd1 Bg4+ 48. Rxg4 Nxg4 49. Nxc4 Rb4 50. Nd2 Ne5 51. Nc3 Rb2 52. Kd1 g4 53. a4 Kg5 54. Ke1 Nf3+ 55. Nxf3+ gxf3 56. Kf1 Kf4 57. Nd5+ Kg3 0-1

[Event "MVP-ch Seniors op 19th"]
[Site "Ostseebad Binz"]
[Date "2019.12.02"]
[Round "6"]
[White "Kube, Hannelore"]
[Black "Bohnstorff, Michael"]
[Result "1/2-1/2"]
[WhiteElo "1890"]
[BlackElo "2026"]
[PlyCount "39"]
[EventDate "2019.11.27"]
[EventType "swiss"]
[EventRounds "9"]
[EventCountry "GER"]
[SourceTitle "EXT 2021"]
[Source "ChessBase"]
[SourceDate "2020.10.23"]
[SourceVersion "1"]
[SourceVersionDate "2020.10.23"]
[SourceQuality "1"]

1. c4 c6 2. g3 d5 3. Bg2 Nf6 4. b3 Bf5 5. Bb2 e6 6. Nf3 Be4 7. 0-0 Nbd7 8. d3 Bxf3 9. Bxf3 Bc5 10. Nc3 0-0 11. d4 Be7 12. Bg2 Re8 13. Qd3 Bf8 14. Rac1 Qa5 15. Rc2 Qa6 16. Rd1 Rad8 17. e4 dxe4 18. Nxe4 Nxe4 19. Qxe4 Nf6 20. Qf3 1/2-1/2

[Event "Bad Wiessee Senioren Cup 8th"]
[Site "Bad Wiessee"]
[Date "2019.05.14"]
[Round "4"]
[White "Bohnstorff, Michael"]
[Black "Spanton, Timothy"]
[Result "1/2-1/2"]
[WhiteElo "2044"]
[BlackElo "1880"]
[PlyCount "106"]
[EventDate "2019.05.11"]
[EventType "swiss"]
[EventRounds "9"]
[EventCountry "GER"]
[SourceTitle "EXT 2020"]
[Source "ChessBase"]
[SourceDate "2019.10.17"]
[SourceVersion "1"]
[SourceVersionDate "2019.10.17"]
[SourceQuality "1"]

1. d4 e6 2. g3 c5 3. c3 d5 4. Bg2 Nc6 5. Nf3 Nf6 6. 0-0 b6 7. c4 Nxd4 8. Nxd4 cxd4 9. Qxd4 Bc5 10. Qd1 0-0 11. Nc3 Bb7 12. Bg5 Be7 13. cxd5 Nxd5 14. Bxe7 Qxe7 15. Nxd5 Bxd5 16. Bxd5 exd5 17. e3 Qe5 18. Qd2 Rfd8 19. Rfd1 Rd7 20. Rac1 Rad8 21. Qd4 Qxd4 22. Rxd4 f5 23. h4 h5 24. Kg2 Kf7 25. Kf3 Kf6 26. Rc6+ Rd6 27. Rxd5 Rxc6 28. Rxd8 Rc2 29. Rd7 Rxb2 30. Rxa7 g6 31. a4 Ra2 32. Ra6 Kf7 33. e4 fxe4+ 34. Kxe4 Rxf2 35. Rxb6 Ra2 36. Ra6 Ra3 37. Kf4 Kg7 38. Ra7+ Kf6 39. Ra6+ Kf7 40. g4 hxg4 41. Kxg4 Ra1 42. Ra5 Rg1+ 43. Kf4 Rh1 44. Kg5 Rg1+ 45. Kh6 Rg4 46. h5 gxh5 47. Kxh5 Rg1 48. Rc5 Ra1 49. a5 Ke7 50. Kg5 Kd6 51. Rf5 Rg1+ 52. Kf6 Ra1 53. Kf7 Kc7 1/2-1/2

[Event "Bad Wiessee Senioren Cup 8th"]
[Site "Bad Wiessee"]
[Date "2019.05.13"]
[Round "3"]
[White "Krulich, Roman"]
[Black "Bohnstorff, Michael"]
[Result "1-0"]
[WhiteElo "2173"]
[BlackElo "2044"]
[PlyCount "37"]
[EventDate "2019.05.11"]
[EventType "swiss"]
[EventRounds "9"]
[EventCountry "GER"]
[SourceTitle "EXT 2020"]
[Source "ChessBase"]
[SourceDate "2019.10.17"]
[SourceVersion "1"]
[SourceVersionDate "2019.10.17"]
[SourceQuality "1"]

1. e4 d6 2. d4 Nf6 3. Nc3 g6 4. f4 Bg7 5. Nf3 Bg4 6. Be3 d5 7. e5 Ne4 8. Nxe4 dxe4 9. h3 Bxf3 10. gxf3 exf3 11. Qxf3 c6 12. 0-0-0 Qd5 13. Qxd5 cxd5 14. Bg2 e6 15. c4 Nc6 16. cxd5 exd5 17. Bxd5 Rc8 18. Kb1 0-0 19. Rc1 1-0

[Event "GER-ch Seniors 50 31st"]
[Site "Radebeul"]
[Date "2019.05.03"]
[Round "8"]
[White "Bohnstorff, Michael"]
[Black "Pirrot, Dieter"]
[Result "0-1"]
[WhiteElo "2044"]
[BlackElo "2334"]
[PlyCount "128"]
[EventDate "2019.04.26"]
[EventType "swiss"]
[EventRounds "9"]
[EventCountry "GER"]
[SourceTitle "CBM 190 Extra"]
[Source "ChessBase"]
[SourceDate "2019.07.15"]
[SourceVersion "1"]
[SourceVersionDate "2019.07.15"]
[SourceQuality "1"]

1. d4 e6 2. Nf3 f5 3. g3 Nf6 4. Bg2 Be7 5. c4 d6 6. Nc3 0-0 7. 0-0 Ne4 8. Qc2 Nxc3 9. Qxc3 a5 10. b3 Nc6 11. Bb2 Bf6 12. Rad1 Qe7 13. e3 e5 14. dxe5 dxe5 15. Qc1 e4 16. Bxf6 Rxf6 17. Nd4 Nb4 18. a4 c6 19. Qc3 Bd7 20. Rfe1 Rd8 21. Bf1 c5 22. Nb5 b6 23. Rd2 Bxb5 24. Rxd8+ Qxd8 25. cxb5 h6 26. Bc4+ Kh7 27. Kg2 Qe7 28. Rd1 Rd6 29. Rxd6 Qxd6 30. Be2 Nd3 31. f4 exf3+ 32. Bxf3 Ne5 33. e4 g6 34. exf5 gxf5 35. Be2 Kg6 36. h3 Qd4 37. Qc2 Kg5 38. Qc1+ f4 39. gxf4+ Qxf4 40. Qd1 Qe4+ 41. Kh2 Qe3 42. Kg2 Kf4 43. Qf1+ Ke4 44. Qb1+ Kd4 45. Qa1+ Qc3 46. Qg1+ Ke4 47. Qd1 Ke3 48. Kg3 Qd4 49. Qf1 Qc3 50. Qd1 Ng6 51. Bg4 Qe5+ 52. Kg2 Nf4+ 53. Kf1 Qe4 54. Qe1+ Kd4 55. Qxe4+ Kxe4 56. Kf2 Nd3+ 57. Kg3 Nc1 58. Be6 Kd4 59. Kg4 Kc3 60. Kh5 Nxb3 61. Kxh6 Nd4 62. Bg4 Kd2 63. Bh5 c4 64. Bg6 Nf3 0-1

[Event "GER-ch Seniors 50 31st"]
[Site "Radebeul"]
[Date "2019.04.30"]
[Round "5"]
[White "Bigott, Martin"]
[Black "Bohnstorff, Michael"]
[Result "0-1"]
[WhiteElo "1782"]
[BlackElo "2044"]
[PlyCount "42"]
[EventDate "2019.04.26"]
[EventType "swiss"]
[EventRounds "9"]
[EventCountry "GER"]
[SourceTitle "CBM 190 Extra"]
[Source "ChessBase"]
[SourceDate "2019.07.15"]
[SourceVersion "1"]
[SourceVersionDate "2019.07.15"]
[SourceQuality "1"]

1. c4 c6 2. Nc3 d5 3. cxd5 cxd5 4. d4 Nf6 5. Nf3 e6 6. e3 Be7 7. Be2 0-0 8. 0-0 a6 9. a3 Nc6 10. b4 Bd6 11. Bb2 b5 12. Nd2 e5 13. dxe5 Nxe5 14. e4 d4 15. Nd5 Nxd5 16. exd5 d3 17. Bf3 Bf5 18. Be4 Bxe4 19. Nxe4 Nc4 20. Bc3 Bxh2+ 21. Kh1 Qh4 0-1

[Event "Bad Woerishofen Seniors op 35th"]
[Site "Bad Woerishofen"]
[Date "2019.03.23"]
[Round "9.7"]
[White "Bohnstorff, Michael"]
[Black "Nordby, Berndt"]
[Result "1/2-1/2"]
[WhiteElo "2024"]
[BlackElo "2054"]
[PlyCount "51"]
[EventDate "2019.03.15"]
[EventType "swiss"]
[EventRounds "9"]
[EventCountry "GER"]
[SourceTitle "EXT 2020"]
[Source "ChessBase"]
[SourceDate "2019.10.17"]
[SourceVersion "1"]
[SourceVersionDate "2019.10.17"]
[SourceQuality "1"]

1. d4 Nf6 2. Nf3 g6 3. c3 Bg7 4. Bf4 b6 5. h3 Bb7 6. e3 0-0 7. Be2 c5 8. 0-0 d6 9. Nbd2 Nc6 10. Bh2 Rc8 11. Re1 cxd4 12. exd4 d5 13. Bd3 e6 14. Ne5 Nxe5 15. Bxe5 Ne8 16. Qe2 Nd6 17. Bxg7 Kxg7 18. Rab1 Re8 19. Nf3 f6 20. Qc2 Qd7 21. Re2 Bc6 22. Rbe1 Bb5 23. Bxb5 Nxb5 24. Qd3 Nd6 25. Nd2 Re7 26. g3 1/2-1/2

[Event "MVP-ch Seniors op 18th"]
[Site "Ostseebad Binz"]
[Date "2018.12.01"]
[Round "4"]
[White "Bohnstorff, Michael"]
[Black "Kube, Hannelore"]
[Result "1/2-1/2"]
[WhiteElo "2016"]
[BlackElo "1880"]
[PlyCount "53"]
[EventDate "2018.11.28"]
[EventType "swiss"]
[EventRounds "9"]
[EventCountry "GER"]
[SourceTitle "CBM 188 Extra"]
[Source "ChessBase"]
[SourceDate "2019.02.28"]
[SourceVersion "1"]
[SourceVersionDate "2019.02.28"]
[SourceQuality "1"]

1. d4 Nf6 2. Nf3 e6 3. c3 c5 4. Bf4 b6 5. e3 Bb7 6. Nbd2 Be7 7. h3 d6 8. Be2 0-0 9. 0-0 Nbd7 10. Nc4 Ne4 11. Nfd2 Ndf6 12. Nxe4 Bxe4 13. f3 Bb7 14. dxc5 d5 15. Nd6 Bc6 16. Nb5 bxc5 17. Qd2 Qd7 18. Na3 Rfd8 19. Nc2 Nh5 20. Bh2 Bd6 21. f4 Nf6 22. Bf3 Qc7 23. g4 Ne4 24. Qg2 Rab8 25. Rab1 f6 26. Rfd1 Rb7 27. Ne1 1/2-1/2

[Event "MVP-ch Seniors op 18th"]
[Site "Ostseebad Binz"]
[Date "2018.11.29"]
[Round "2"]
[White "Bohnstorff, Michael"]
[Black "Schwetje, Siegfried"]
[Result "1/2-1/2"]
[WhiteElo "2016"]
[BlackElo "1889"]
[PlyCount "43"]
[EventDate "2018.11.28"]
[EventType "swiss"]
[EventRounds "9"]
[EventCountry "GER"]
[SourceTitle "CBM 188 Extra"]
[Source "ChessBase"]
[SourceDate "2019.02.28"]
[SourceVersion "1"]
[SourceVersionDate "2019.02.28"]
[SourceQuality "1"]

1. d4 d5 2. c3 Nf6 3. Bf4 c6 4. Nf3 e6 5. e3 Nbd7 6. Be2 Be7 7. h3 h6 8. 0-0 0-0 9. c4 b6 10. Nc3 a6 11. Qc2 Bb7 12. Rfd1 c5 13. cxd5 Nxd5 14. Nxd5 Bxd5 15. a3 Qc8 16. Rac1 Qb7 17. Ne1 Rac8 18. Qd3 c4 19. Qb1 b5 20. Bf3 Nf6 21. Bxd5 Qxd5 22. Nf3 1/2-1/2

[Event "Magdeburg Roechling Jubilee 2nd"]
[Site "Magdeburg"]
[Date "2018.03.01"]
[Round "6"]
[White "Haubt, Georg"]
[Black "Bohnstorff, Michael"]
[Result "1/2-1/2"]
[WhiteElo "2171"]
[BlackElo "2076"]
[PlyCount "91"]
[EventDate "2018.02.24"]
[EventType "swiss"]
[EventRounds "9"]
[EventCountry "GER"]
[SourceTitle "EXT 2019"]
[Source "ChessBase"]
[SourceDate "2018.10.10"]
[SourceVersion "1"]
[SourceVersionDate "2018.10.10"]
[SourceQuality "1"]

1. d4 d5 2. Bf4 c6 3. e3 Bf5 4. Nd2 Nf6 5. h3 e6 6. Ngf3 h6 7. c4 Nbd7 8. Qb3 Qb6 9. c5 Qxb3 10. axb3 a6 11. b4 Be7 12. Nb3 Bd8 13. Be2 Rc8 14. Na5 Bxa5 15. bxa5 0-0 16. Ra4 Ra8 17. Rb4 Ra7 18. 0-0 Rc8 19. Ra1 Ne8 20. g4 Be4 21. Ne5 Nxe5 22. Bxe5 Nc7 23. f3 Bg6 24. Rb6 Bc2 25. Kf2 Na8 26. Rb4 Nc7 27. Bxc7 Rxc7 28. Rc1 Bg6 29. h4 f6 30. Rc3 Re7 31. Bd1 Bb1 32. Kg3 Ra8 33. Rcb3 Ra7 34. Be2 Kf7 35. Kf4 Bc2 36. Rc3 Bg6 37. Bd1 Bb1 38. Bb3 e5+ 39. Kg3 e4 40. Bc2 Bxc2 41. Rxc2 exf3 42. Kxf3 Ra8 43. Rc3 Rd8 44. Rc2 Rdd7 45. Rg2 Re4 46. Rb3 1/2-1/2

[Event "MVP-ch Seniors op 17th"]
[Site "Binz"]
[Date "2017.12.06"]
[Round "8.2"]
[White "Daeubler, Heinrich"]
[Black "Bohnstorff, Michael"]
[Result "1-0"]
[WhiteElo "2175"]
[BlackElo "2067"]
[PlyCount "107"]
[EventDate "2017.11.29"]
[EventType "swiss"]
[EventRounds "9"]
[EventCountry "GER"]
[SourceTitle "EXT 2019"]
[Source "ChessBase"]
[SourceDate "2018.10.10"]
[SourceVersion "1"]
[SourceVersionDate "2018.10.10"]
[SourceQuality "1"]

1. d4 d5 2. c4 c6 3. Nf3 Nf6 4. Nc3 Bf5 5. Qb3 Qb6 6. c5 Qxb3 7. axb3 Nbd7 8. b4 a6 9. b5 cxb5 10. Nxb5 Rc8 11. Nc3 Nb8 12. Bg5 e6 13. Nh4 Bc2 14. Kd2 Ne4+ 15. Nxe4 Bxe4 16. f3 h6 17. fxe4 hxg5 18. Nf3 Be7 19. exd5 exd5 20. e3 Nc6 21. Ra4 g4 22. Ne1 Bg5 23. Nc2 0-0 24. Be2 f5 25. g3 g6 26. Bf1 Kf7 27. Bg2 Ke6 28. Kd3 Rh8 29. Nb4 Nxb4+ 30. Rxb4 Rh7 31. h3 gxh3 32. Rxh3 Rd7 33. Rh1 Rc6 34. Rh8 Kf6 35. Re8 Rcc7 36. Rb3 Re7 37. Rxe7 Rxe7 38. Kd2 Rd7 39. Rb6+ Kf7 40. Rxb7 Rxb7 41. Bxd5+ Ke7 42. Bxb7 a5 43. Kd3 Kd7 44. Bd5 Bd8 45. Bf7 g5 46. e4 fxe4+ 47. Kxe4 Bc7 48. g4 Bf4 49. b3 Bd2 50. Kd5 Bc3 51. Be6+ Kc7 52. Bf5 Bb4 53. Kc4 Be1 54. d5 1-0

[Event "MVP-ch Seniors op 17th"]
[Site "Binz"]
[Date "2017.12.04"]
[Round "6.16"]
[White "Willin, Bernhard"]
[Black "Bohnstorff, Michael"]
[Result "0-1"]
[WhiteElo "1942"]
[BlackElo "2067"]
[PlyCount "90"]
[EventDate "2017.11.29"]
[EventType "swiss"]
[EventRounds "9"]
[EventCountry "GER"]
[SourceTitle "EXT 2019"]
[Source "ChessBase"]
[SourceDate "2018.10.10"]
[SourceVersion "1"]
[SourceVersionDate "2018.10.10"]
[SourceQuality "1"]

1. Nf3 d5 2. g3 c6 3. Bg2 Bf5 4. 0-0 Nf6 5. d3 e6 6. Nbd2 Be7 7. b3 0-0 8. Bb2 a5 9. Re1 h6 10. e4 Bh7 11. a3 Na6 12. e5 Nd7 13. Qe2 Qc7 14. Nf1 Rfc8 15. Rad1 Rab8 16. h4 Qd8 17. h5 Qf8 18. Bc1 Bxa3 19. Bf4 Bb4 20. N3d2 Nc7 21. g4 Nb5 22. Rc1 Qe7 23. Qe3 Qh4 24. Qh3 Qxh3 25. Bxh3 Bc3 26. Re3 Nd4 27. Kg2 Ra8 28. g5 hxg5 29. Bxg5 Bf5 30. f4 Bxh3+ 31. Kxh3 Nf5 32. Re2 a4 33. bxa4 Rxa4 34. Nf3 Rca8 35. Rg2 Ra1 36. Rxa1 Rxa1 37. N1h2 Kh7 38. Bd8 Ra8 39. Bg5 b5 40. Ng4 Ra4 41. Nh4 Nxh4 42. Kxh4 f6 43. exf6 gxf6 44. Bh6 f5 45. Ne5 Bxe5 0-1

[Event "MVP-ch Seniors op 17th"]
[Site "Binz"]
[Date "2017.12.02"]
[Round "4.23"]
[White "Fleischer, Martin"]
[Black "Bohnstorff, Michael"]
[Result "0-1"]
[WhiteElo "1911"]
[BlackElo "2067"]
[PlyCount "64"]
[EventDate "2017.11.29"]
[EventType "swiss"]
[EventRounds "9"]
[EventCountry "GER"]
[SourceTitle "EXT 2019"]
[Source "ChessBase"]
[SourceDate "2018.10.10"]
[SourceVersion "1"]
[SourceVersionDate "2018.10.10"]
[SourceQuality "1"]

1. e4 g6 2. d4 Bg7 3. Nf3 d6 4. c3 Nf6 5. Bd3 0-0 6. 0-0 Nbd7 7. h3 e5 8. Bg5 h6 9. Bh4 Re8 10. Re1 c6 11. Nbd2 Qc7 12. Bg3 Nh5 13. Bh2 Nf8 14. Qb3 Ne6 15. dxe5 dxe5 16. Qc2 Nef4 17. Bf1 Be6 18. a4 Rad8 19. a5 Rd7 20. b4 Red8 21. Nb3 b6 22. axb6 axb6 23. Rad1 g5 24. Rxd7 Qxd7 25. Kh1 Ng6 26. Nfd2 Nhf4 27. Nc4 Nd3 28. Bxd3 Qxd3 29. Qxd3 Rxd3 30. Nbd2 b5 31. Nxe5 Rxd2 32. Nxc6 Rxf2 0-1

[Event "Schleswig Holstein-ch Seniors op 11th"]
[Site "Buesum"]
[Date "2017.09.15"]
[Round "8"]
[White "Bohnstorff, Michael"]
[Black "Kracht, Helmut"]
[Result "1-0"]
[WhiteElo "2065"]
[BlackElo "1979"]
[PlyCount "141"]
[EventDate "2017.09.08"]
[EventType "swiss"]
[EventRounds "9"]
[EventCountry "GER"]
[SourceTitle "EXT 2019"]
[Source "ChessBase"]
[SourceDate "2018.10.10"]
[SourceVersion "1"]
[SourceVersionDate "2018.10.10"]
[SourceQuality "1"]

1. d4 Nf6 2. Nf3 g6 3. c3 Bg7 4. Bf4 d6 5. h3 0-0 6. Nbd2 Re8 7. e3 c5 8. Be2 Qb6 9. Nc4 Qc7 10. a4 Nbd7 11. 0-0 Nb6 12. Ncd2 e5 13. Bh2 e4 14. Ne1 Qe7 15. a5 Nbd7 16. Nc4 d5 17. Nd6 Rd8 18. Nc2 cxd4 19. cxd4 Nf8 20. Nb5 Ne6 21. Qd2 a6 22. Nc3 Bd7 23. Na4 Bxa4 24. Rxa4 Rd7 25. Nb4 Ne8 26. Rc1 N8c7 27. Raa1 Bf8 28. Na2 Qd8 29. Rc2 Bd6 30. Bxd6 Rxd6 31. Rac1 b6 32. Nb4 b5 33. Nc6 Qe8 34. Qb4 Rd7 35. Ne5 Re7 36. Qd6 Rd8 37. Qa3 Ra8 38. h4 f6 39. Nc6 Rf7 40. Qd6 Rd7 41. Qg3 Qf7 42. Bg4 Qf8 43. Qh3 Qd6 44. Qh2 Qxh2+ 45. Kxh2 Kf7 46. Nb4 Ra7 47. Rc6 f5 48. Bd1 Nd8 49. R6c3 Ne8 50. Bb3 Ke6 51. Rc8 Rac7 52. Nxa6 Rxc1 53. Rxc1 Ra7 54. Nc5+ Kd6 55. Ra1 Nc7 56. Bd1 Nc6 57. Nb3 Nb4 58. Be2 Nc2 59. Rc1 Nb4 60. Kg3 Rb7 61. f3 h6 62. f4 Na2 63. Ra1 Nb4 64. Nc5 Ra7 65. h5 gxh5 66. Bxh5 Nc2 67. Rh1 Nxe3 68. Be2 Nc2 69. Rxh6+ Ke7 70. Rh7+ Kf6 71. Bh5 1-0

[Event "Schleswig Holstein-ch Seniors op 11th"]
[Site "Buesum"]
[Date "2017.09.13"]
[Round "6"]
[White "Bohnstorff, Michael"]
[Black "Fleischer, Matthias"]
[Result "1-0"]
[WhiteElo "2065"]
[BlackElo "1926"]
[PlyCount "69"]
[EventDate "2017.09.08"]
[EventType "swiss"]
[EventRounds "9"]
[EventCountry "GER"]
[SourceTitle "EXT 2019"]
[Source "ChessBase"]
[SourceDate "2018.10.10"]
[SourceVersion "1"]
[SourceVersionDate "2018.10.10"]
[SourceQuality "1"]

1. d4 Nf6 2. c3 d5 3. Bf4 e6 4. Nf3 Bd6 5. Bg3 Qe7 6. Nbd2 Nbd7 7. e3 0-0 8. Be2 e5 9. dxe5 Nxe5 10. Qc2 Nxf3+ 11. gxf3 Bh3 12. 0-0-0 c6 13. Rdg1 Kh8 14. Bd3 g6 15. Bh4 Qe6 16. Bxf6+ Qxf6 17. f4 Rae8 18. Rg3 Bc8 19. h4 Bf5 20. h5 Be4 21. Bxe4 dxe4 22. Nxe4 Qe7 23. Nxd6 Qxd6 24. hxg6 fxg6 25. Rxg6 Qe7 26. c4 Rf7 27. Qc3+ Rg7 28. Rg5 Rf8 29. Rhg1 Rff7 30. Kd1 h6 31. Rxg7 Rxg7 32. Rxg7 Qxg7 33. Qxg7+ Kxg7 34. Ke2 Kf6 35. Kf3 1-0